Logo BPK

Biblioteka

Politechniki Koszalińskiej

Ochrona środowiska : (Rekord nr 5543)

Szczegóły MARC
000 -ETYKIETA REKORDU
podpole kontrolne o stałej długości 00543nam a2200193 i 4500
001 - NUMER KONTROLNY REKORDU
pole kontrolne bg
020 ## - MIĘDZYNARODOWY ZNORMALIZOWANY NUMER KSIĄŻKI - ISBN
ISBN 8385626042
040 ## - ŹRÓDŁO KATALOGOWANIA
Instytucja, która utworzyła rekord BPK
041 ## - KOD JĘZYKA
Kod języka tekstu pol
080 ## - UNIWERSALNA KLASYFIKACJA DZIESIĘTNA - UKD
UKD 349.6:352/353](438)
920 ## - Międzynarodowy znormalizowany numer książki – ISBN
ISBN 83-85626-04-2
008 - POLE O STAŁEJ DŁUGOŚCI - DANE KONTROLNE
podpole kontrolne o stałej długości s pl f |000 0 pol
100 1# - NAZWA OSOBOWA
Nazwa osobowa GORCZYŃSKA, Barbara
245 #0 - TYTUŁ/ODPOWIEDZIALNOŚĆ
Tytuł Ochrona środowiska :
Ciąg dalszy tytułu poradnik pracownika samorządu terytorialnego /
Pozostałe elementy strefy tytułu i oznaczenia odpowiedzialności Barbara Gorczyńska, Zofia Nowaczyk.
260 ## - STREFA ADRESU WYDAWNICZEGO
Miejsce wydania Poznań :
Nazwa wydawcy/dystrybutora "Warta",
Data publikacji, dystrybucji/powstania dokumentu 1992.
300 ## - STREFA OPISU FIZYCZNEGO
Objętość 206 s. ;
Rozmiary 23 cm.
700 1# - HASŁO DODATKOWE - NAZWA OSOBOWA
Nazwa osobowa NOWACZYK, Zofia
856 ## - LOKALIZACJA I DOSTĘP DO ELEKTRONICZNYCH DOKUMENTÓW ZDALNYCH
Link (URL) http://koha.tu.koszalin.pl/cgi-bin/koha/opac-detail.pl?biblionumber=5543
Tekst linku Katalog online BPK
942 ## - DODATKOWE ELEMENTY (KOHA)
Typ dokumentu Książka
Egzemplarze
Wycofany Status egzemplarza Uszkodzony Dostępność Lokalizacja stała Lokalizacja bieżąca Miejsce przechowywania Sygnatura Kod kreskowy Typ dokumentu
      Dostępny Biblioteka Politechniki Koszalińskiej Biblioteka Politechniki Koszalińskiej Wypożyczalnia BG P 44713 01473377 Książka
© 2023 Biblioteka Politechniki Koszalińskiej :: KOHA